Acquisition of Meaning in Bilingual Children: Interference, Translation and Errors

Otázka osvojovania si slovnej zásoby u dvojjazyčných detí. Prieskum rôznych aspektov: proces získavania významu, prejav zasahovania, prenos a prepožičanie, hľadanie prekladových ekvivalentov a chýb vo využívaní slovnej zásoby.

Na minha lista:
Detalhes bibliográficos
Autor principal: Hornáčková Klapicová, Edita
Formato: Capítulo de Livro
Idioma:inglês
Assuntos:
Tags: Adicionar Tag
Sem tags, seja o primeiro a adicionar uma tag!

MARC

LEADER 00000naa a2200000 4500
001 0257228
005 20190726105205.6
041 0 |a eng 
044 |a SK 
245 1 0 |a Acquisition of Meaning in Bilingual Children: Interference, Translation and Errors  |c Edita Hornáčková Klapicová 
520 |a Otázka osvojovania si slovnej zásoby u dvojjazyčných detí. Prieskum rôznych aspektov: proces získavania významu, prejav zasahovania, prenos a prepožičanie, hľadanie prekladových ekvivalentov a chýb vo využívaní slovnej zásoby. 
610 2 0 |a jazyky cudzie 
610 2 0 |a jazykoveda 
610 2 0 |a deti 
610 2 0 |a komunikácia 
610 2 0 |a zásoba slovná 
100 1 |a Hornáčková Klapicová, Edita